Statistiken für Hauptstädte der französischen Regionen

Klicken Sie hier um das Quiz zu spielen!

Allgemein

  • Dieses Quiz wurde 286 mal gespielt
  • Das Durchschnittsergebnis liegt bei 11 aus 18

Antworten auf der Karte

Die Antworten werden auf der Karte rot bzw. grün angezeigt, abhängig davon wie oft sie richtig erraten wurden.
 

Antwortstatistiken

RegionEinwohnerHauptstadt% Korrekt
Île-de-France2 229 621Paris
99%
Provence-Alpes-
Côte d'Azur
855 393Marseille
97%
Auvergne-Rhône-Alpes500 715Lyon
93%
Neu-Aquitanien243 626Bordeaux
92%
Okzitanien458 298Toulouse
88%
Hauts-de-France231 491Lille
81%
Kleinbritannien211 373Rennes
76%
Großer Osten275 718Strasbourg
76%
Pays de la Loire292 718Nantes
75%
Korsika67 507Ajaccio
65%
Bourgogne-
Franche-Comté
153 003Dijon
60%
Zentrum-Loiretal114 375Orléans
51%
Normandy110 755Rouen
47%
French Guiana55 198Cayenne
32%
Réunion145 238Saint-Denis
23%
Guadeloupe11 395Basse-Terre
19%
Martinique85 295Fort-de-France
19%
Mayotte57 281Mamoudzou
10%

Verteilung der Resultate

Perzentil nach korrekt beantworteten Fragen

Anzahl Personen mit jedem Resultat

Ihre Resultats-Entwicklung

Sie haben dieses Quiz noch nicht gespielt